[Event "Sec op-A"]
[Site "Sec u Chrudimi"]
[Date "2007.10.26"]
[Round "8"]
[White "Sladek, Jaroslav"]
[Black "Soucek, Jakub"]
[Result "1-0"]
[WhiteElo "2041"]
[BlackElo "2041"]
[PlyCount "85"]
[EventDate "2007.10.20"]
[EventType "swiss"]
[EventRounds "9"]
[EventCountry "CZE"]
[SourceTitle "EXT 2022"]
[Source "ChessBase"]
[SourceDate "2021.10.06"]
[SourceVersion "1"]
[SourceVersionDate "2021.10.06"]
[SourceQuality "1"]

1. e4 c6 2. d4 d5 3. f3 dxe4 4. fxe4 e5 5. Nf3 Bg4 6. Bc4 Nf6 7. Bxf7+ Ke7 8. Bb3 Bxf3 9. Qxf3 Qxd4 10. Nc3 Nbd7 11. Be3 Qb4 12. 0-0-0 Kd8 13. Rhf1 Kc7 14. Bd2 Qe7 15. Bg5 h6 16. Bh4 g5 17. Bf2 Bg7 18. Qe2 Nb6 19. g4 Rad8 20. Bg3 Rxd1+ 21. Nxd1 Nbd7 22. Rf5 Rf8 23. h3 Ne8 24. Ne3 Nd6 25. Rxf8 Nxf8 26. Nf5 Qf6 27. Bf2 b6 28. Qd3 Ng6 29. Qa6 Nc8 30. Nxg7 Qxf2 31. Ne6+ Kb8 32. Qd3 Qe1+ 33. Qd1 Qxe4 34. Nd8 Nf4 35. Nf7 Qe3+ 36. Kb1 e4 37. Ne5 c5 38. a4 Qe2 39. Qd7 Qa6 40. Nc6+ Ka8 41. Nd8 e3 42. Bc4 e2 43. Bxa6 1-0

[Event "Sec op-A"]
[Site "Sec u Chrudimi"]
[Date "2007.10.23"]
[Round "5"]
[White "Soucek, Jakub"]
[Black "Stukheil, Martin"]
[Result "1-0"]
[WhiteElo "2041"]
[BlackElo "1882"]
[PlyCount "67"]
[EventDate "2007.10.20"]
[EventType "swiss"]
[EventRounds "9"]
[EventCountry "CZE"]
[SourceTitle "EXT 2022"]
[Source "ChessBase"]
[SourceDate "2021.10.06"]
[SourceVersion "1"]
[SourceVersionDate "2021.10.06"]
[SourceQuality "1"]

1. c4 e5 2. Nc3 Nc6 3. g3 Nf6 4. Bg2 Bc5 5. e3 a6 6. a3 0-0 7. b4 Be7 8. Nge2 d6 9. 0-0 Rb8 10. Bb2 Be6 11. Nd5 Qc8 12. f4 Re8 13. d4 exd4 14. Nxd4 Nxd4 15. Bxd4 Nxd5 16. cxd5 Bh3 17. Qd3 Bxg2 18. Kxg2 Qd8 19. Rac1 Rc8 20. Qc3 Bf6 21. Bxf6 Qxf6 22. Qxf6 gxf6 23. Kf3 Re7 24. e4 Rce8 25. Rc4 Kg7 26. Rfc1 Rc8 27. a4 b5 28. Rc6 Rce8 29. Rxa6 bxa4 30. Rxa4 Rxe4 31. Rxc7 Rd4 32. Raa7 Rxd5 33. Rxf7+ Kg6 34. Rg7+ 1-0

[Event "CZE-ch Juniors op-A"]
[Site "Sec u Chrudimi"]
[Date "2007.03.17"]
[Round "9"]
[White "Soucek, Jakub"]
[Black "Ruzicka, Ales"]
[Result "1/2-1/2"]
[WhiteElo "1854"]
[BlackElo "1907"]
[PlyCount "87"]
[EventDate "2007.03.10"]
[EventType "swiss"]
[EventRounds "9"]
[EventCountry "CZE"]
[SourceTitle "EXT 2008"]
[Source "ChessBase"]
[SourceDate "2007.11.25"]
[SourceVersion "1"]
[SourceVersionDate "2007.11.25"]
[SourceQuality "1"]

1. b3 Nf6 2. Bb2 d6 3. e3 e5 4. c4 Nc6 5. Nc3 g6 6. d3 Bg7 7. g3 0-0 8. Bg2 Bg4 9. Nge2 Nd7 10. 0-0 Nc5 11. a3 a5 12. h3 Bxe2 13. Nxe2 a4 14. b4 Nd7 15. Nc3 f5 16. b5 Na5 17. Nxa4 f4 18. Bd5+ Kh8 19. exf4 exf4 20. Bxg7+ Kxg7 21. Nc3 fxg3 22. fxg3 Qg5 23. Ne4 Qe3+ 24. Kg2 Ne5 25. Qd2 Qxd2+ 26. Nxd2 Nxd3 27. Ne4 c6 28. bxc6 bxc6 29. Be6 Rxf1 30. Rxf1 Re8 31. Ng5 Ne5 32. Bg4 Nxg4 33. hxg4 h6 34. Rf7+ Kg8 35. Ra7 Nxc4 36. Nf7 Re2+ 37. Kf1 Re3 38. Nxh6+ Kf8 39. Rf7+ Ke8 40. Rf6 Ne5 41. Rxd6 Ke7 42. Rxg6 Rxa3 43. Nf5+ Kf7 44. Rd6 1/2-1/2

[Event "CZE-ch Juniors op-A"]
[Site "Sec u Chrudimi"]
[Date "2007.03.13"]
[Round "5"]
[White "Soucek, Jakub"]
[Black "Novy, Vaclav"]
[Result "1-0"]
[WhiteElo "1854"]
[BlackElo "2118"]
[PlyCount "129"]
[EventDate "2007.03.10"]
[EventType "swiss"]
[EventRounds "9"]
[EventCountry "CZE"]
[SourceTitle "EXT 2008"]
[Source "ChessBase"]
[SourceDate "2007.11.25"]
[SourceVersion "1"]
[SourceVersionDate "2007.11.25"]
[SourceQuality "1"]

1. Nf3 Nf6 2. g3 g6 3. Bg2 Bg7 4. 0-0 0-0 5. d3 d6 6. c4 Nc6 7. Nc3 e5 8. a3 a5 9. e3 Nd7 10. d4 Kh8 11. d5 Ne7 12. e4 f5 13. exf5 gxf5 14. Nh4 Ng6 15. Nxg6+ hxg6 16. h4 Nf6 17. Bg5 Qe8 18. Qd2 Nh5 19. Bf3 Qf7 20. Bh6 f4 21. Bxg7+ Kxg7 22. Ne4 Bh3 23. Ng5 Qd7 24. Bg2 Bxg2 25. Ne6+ Kg8 26. Kxg2 Rf6 27. Qd3 f3+ 28. Kg1 Raf8 29. Rfd1 Re8 30. b4 Ng7 31. Ng5 e4 32. Qf1 e3 33. fxe3 Rxe3 34. Rd3 Rxd3 35. Qxd3 Qg4 36. Kf2 Nh5 37. Rg1 Nf4 38. gxf4 Qxh4+ 39. Rg3 Qxf4 40. Nxf3 Kf7 41. Kg2 axb4 42. axb4 Qc1 43. Ng5+ Kg7 44. Qc2 Kh6 45. Ne4 Rf5 46. Qd2+ Qxd2+ 47. Nxd2 c6 48. dxc6 bxc6 49. Ne4 d5 50. cxd5 Rxd5 51. Nc5 Rd4 52. Na6 Kg7 53. Rc3 Rd6 54. Nb8 Kf7 55. Rxc6 Rd2+ 56. Kf3 Rb2 57. Na6 Kg7 58. Ke4 Re2+ 59. Kd3 Rb2 60. Kc3 Rb1 61. Kc2 Rf1 62. b5 g5 63. b6 g4 64. b7 Rf2+ 65. Kd3 1-0

[Event "CZE-ch Juniors op-A"]
[Site "Sec u Chrudimi"]
[Date "2007.03.12"]
[Round "4"]
[White "Kubos, Rostislav"]
[Black "Soucek, Jakub"]
[Result "1-0"]
[WhiteElo "2212"]
[BlackElo "1854"]
[PlyCount "111"]
[EventDate "2007.03.10"]
[EventType "swiss"]
[EventRounds "9"]
[EventCountry "CZE"]
[SourceTitle "EXT 2008"]
[Source "ChessBase"]
[SourceDate "2007.11.25"]
[SourceVersion "1"]
[SourceVersionDate "2007.11.25"]
[SourceQuality "1"]

1. c4 e6 2. Nf3 Nf6 3. g3 d5 4. Bg2 c5 5. 0-0 Nc6 6. cxd5 exd5 7. d4 Be6 8. Nc3 Be7 9. Bg5 0-0 10. Rc1 c4 11. Ne5 h6 12. Bxf6 Bxf6 13. f4 Ne7 14. b3 Nf5 15. Qd2 Qb6 16. e3 cxb3 17. Rb1 Bxe5 18. fxe5 Ne7 19. Rxb3 Qc6 20. Nb5 Rfc8 21. Nd6 Rc7 22. Qb2 b6 23. Nb5 Rcc8 24. Nd6 Rc7 25. Nb5 Rcc8 26. Rc3 Qd7 27. Rfc1 Rxc3 28. Rxc3 Rc8 29. Rxc8+ Nxc8 30. a4 Ne7 31. Qc2 Nc6 32. Kf2 Bf5 33. Qb3 Be6 34. Nd6 Na5 35. Qb5 Qxb5 36. Nxb5 Nc6 37. Nc3 Nb4 38. e4 dxe4 39. Bxe4 Bd7 40. Ke3 Kf8 41. d5 a5 42. Kd4 Ke8 43. Kc4 Na6 44. Bc2 Nc7 45. Bd1 Kd8 46. Bh5 g6 47. Be2 Bxa4 48. Nxa4 b5+ 49. Kc5 bxa4 50. Bc4 Ne8 51. d6 f6 52. e6 a3 53. Kc6 Ng7 54. e7+ Ke8 55. Kc7 f5 56. d7+ 1-0

[Event "CZE-ch Juniors op-A"]
[Site "Sec u Chrudimi"]
[Date "2007.03.12"]
[Round "3"]
[White "Soucek, Jakub"]
[Black "Zavadil, Michal"]
[Result "1/2-1/2"]
[WhiteElo "1854"]
[BlackElo "2133"]
[PlyCount "49"]
[EventDate "2007.03.10"]
[EventType "swiss"]
[EventRounds "9"]
[EventCountry "CZE"]
[SourceTitle "EXT 2008"]
[Source "ChessBase"]
[SourceDate "2007.11.25"]
[SourceVersion "1"]
[SourceVersionDate "2007.11.25"]
[SourceQuality "1"]

1. c4 e6 2. e4 d5 3. exd5 exd5 4. d4 Nf6 5. Nc3 c6 6. Bd3 Bg4 7. Nge2 Be7 8. 0-0 0-0 9. Be3 Nbd7 10. Qc2 dxc4 11. Bxc4 Nb6 12. Bd3 Nbd5 13. Nxd5 cxd5 14. Rac1 Rc8 15. Qb1 Bd6 16. Bg5 h6 17. Rxc8 Bxc8 18. Bf4 Re8 19. Qc1 Qb6 20. Bxd6 Qxd6 21. Qc5 Qxc5 22. dxc5 Ne4 23. b4 Bd7 24. Rc1 a6 25. Nd4 1/2-1/2